|
|
|
|
| LEADER |
01420nam a2200385Ia 4500 |
| 001 |
EBC316612 |
| 003 |
MiAaPQ |
| 005 |
20200520144314.0 |
| 006 |
m o d | |
| 007 |
cr cn||||||||| |
| 008 |
860513s1987 mnua sb s010 0 eng d |
| 010 |
|
|
|z 86011324
|
| 020 |
|
|
|z 9780816613403
|
| 020 |
|
|
|z 0816613400 :
|
| 035 |
|
|
|a (MiAaPQ)EBC316612
|
| 035 |
|
|
|a (Au-PeEL)EBL316612
|
| 035 |
|
|
|a (CaPaEBR)ebr10194420
|
| 035 |
|
|
|a (OCoLC)437191376
|
| 040 |
|
|
|a MiAaPQ
|c MiAaPQ
|d MiAaPQ
|
| 050 |
|
4 |
|a HB135
|b .I53 1987
|
| 245 |
0 |
0 |
|a Information, incentives, and economic mechanisms
|h [electronic resource] :
|b essays in honor of Leonid Hurwicz /
|c Theodore Groves, Roy Radner, and Stanley Reiter, editors.
|
| 260 |
|
|
|a Minneapolis :
|b University of Minnesota Press,
|c c1987.
|
| 300 |
|
|
|a viii, 399 p. :
|b ill.
|
| 504 |
|
|
|a Includes bibliographies.
|
| 533 |
|
|
|a Electronic reproduction. Ann Arbor, MI : ProQuest, 2015. Available via World Wide Web. Access may be limited to ProQuest affiliated libraries.
|
| 600 |
1 |
0 |
|a Hurwicz, Leonid.
|
| 650 |
|
0 |
|a Economics, Mathematical.
|
| 650 |
|
0 |
|a Mathematical optimization.
|
| 650 |
|
0 |
|a Game theory.
|
| 655 |
|
4 |
|a Electronic books.
|
| 700 |
1 |
|
|a Groves, Theodore.
|
| 700 |
1 |
|
|a Radner, Roy,
|d 1927-
|
| 700 |
1 |
|
|a Reiter, Stanley.
|
| 710 |
2 |
|
|a ProQuest (Firm)
|
| 856 |
4 |
0 |
|u https://ebookcentral.proquest.com/lib/matrademy/detail.action?docID=316612
|z Click to View
|